Haikyuu!! Team Captains - Statistics

General Stats
  • This quiz has been taken 70 times
    45 since last reset
  • The average score is 9 of 21
Answer Stats
Team Captain % Correct
Karasuno Daichi Sawamura
100%
Nekoma Kuroo Tetsuro
100%
Aoba Johsai Toru Oikawa
100%
Shiratorizawa Ushijima Wakatoshi
97%
Fukurodani Kotaro Bokuto
89%
Inarizaki Shinsuke Kita
81%
Johzenji Seiji Okudake / Yuuji Terushima
58%
Nohebi Suguru Daisho
58%
Date Tech Kamame Moniwa / Kenji Futakuchi
50%
Itachiyama Tsukasa Iizuna
28%
Wakutani Takeru Nakashima
25%
Mujinazaka Wakatsu Kiryu
19%
Kamomedai Aikichi Suwa
17%
Ohgiminami Yoshiki Towada / Noburu Akimiya
14%
Shinzen Daiki Ogano
8%
Tokonami Hikaru Komaki
6%
Tsubakihara Sakae Echigo
6%
Kakugawa Yuzuru Komaki
6%
Sarukawa Tech Itaru Shiramine
3%
Ubugawa Masaki Gora
3%
Kiyokawa Ryoji Yamazaki
3%
No matching quizzes found
Score Distribution
Percent of People with Each Score
Percentile by Number Answered
Your Score History
You have not taken this quiz since the last reset